Dakan men̲ Urdū. (Record no. 66582)

MARC details
000 -LEADER
fixed length control field 00670cam a22002531 4500
001 - CONTROL NUMBER
control field sa 65010151
003 - CONTROL NUMBER IDENTIFIER
control field DLC
005 - DATE AND TIME OF LATEST TRANSACTION
control field 20260227112206.0
008 - FIXED-LENGTH DATA ELEMENTS--GENERAL INFORMATION
fixed length control field 890605s1963 ii b 000 0 urdr
010 ## - LIBRARY OF CONGRESS CONTROL NUMBER
LC control number sa 65010151
035 ## - SYSTEM CONTROL NUMBER
System control number (OCoLC)19820154
040 ## - CATALOGING SOURCE
Original cataloging agency DLC
Transcribing agency WaU
Modifying agency DLC
042 ## - AUTHENTICATION CODE
Authentication code premarc
043 ## - GEOGRAPHIC AREA CODE
Geographic area code a-ii---
050 00 - LIBRARY OF CONGRESS CALL NUMBER
Classification number PK2101.D4
Item number H3
100 1# - MAIN ENTRY--PERSONAL NAME
Personal name Hashmī, Nasiruddin,
Dates associated with a name 1895-1964.
245 10 - TITLE STATEMENT
Title Dakan men̲ Urdū.
260 ## - PUBLICATION, DISTRIBUTION, ETC.
Date of publication, distribution, etc. 1963.
300 ## - PHYSICAL DESCRIPTION
Extent 16, 1081 p.
Dimensions 20 cm.
500 ## - GENERAL NOTE
General note In Urdu.
500 ## - GENERAL NOTE
General note Text partially vocalized.
504 ## - BIBLIOGRAPHY, ETC. NOTE
Bibliography, etc. note Bibliographical footnotes.
650 #0 - SUBJECT ADDED ENTRY--TOPICAL TERM
Topical term or geographic name entry element Urdu literature
Geographic subdivision India
-- Deccan
General subdivision History and criticism.

No items available.

Powered by Koha